| 000 | 00537cam1a220020500 4500 | ||
|---|---|---|---|
| 001 | tmp15830148 | ||
| 003 | UPRA | ||
| 005 | 20190815102738.0 | ||
| 008 | 951104s1971 enk eng u | ||
| 035 | _a(Sirsi) r77440 | ||
| 035 | _a(UPRA)tmp15830148 | ||
| 040 | _cUPRA | ||
| 100 | 1 |
_cSir. _6A3874.1 |
|
| 245 | 1 | 4 | _aThe black cloud. |
| 260 |
_a[Harmondsworth, Middlesex] : _bPenguin, _c[1971] |
||
| 500 | _aFirst published in this ed. 1960. | ||
| 949 |
_aPR6015.09 _wlcc _mMAIN _tBOOK _lON-SHELF |
||
| 004 | 77440 | ||
| 987 | _aWITHDRAWN | ||
| 999 |
_c64682 _d64682 |
||